000 00955cam a2200265 i 4500
003 SA-RiAUC
005 20240917140252.0
008 240909s1986 ua g f000 0 ara c
040 _aSA-MuMU
_bara
_cSA-RiAUC
_erda
082 0 4 _a338.521
090 _a338.521
_bح م ا
100 1 _aحمادة، حسين عمر (اقتصادي)
_eمؤلف.
245 1 0 _aمقدمة علم الاقتصاد :
_bنظرية القيمة /
_cتأليف حسين عمر حمادة.
250 _aالطبعة الثالثة المعدلة.
264 1 _aالقاهرة :
_bدار المعارف،
_c1968
300 _a741 صفحة
336 _aنص
_btxt
_2rdacontent
_3كتاب
337 _aبدون وسيط
_bn
_2rdamedia
338 _aمجلد
_bnc
_2rdacarrier
650 7 _aالقيمة (نظرية اقتصادية)
_2aucsh
650 7 _aالاقتصاد
_xفلسفة
_2aucsh
942 _2ddc
_cBOOK
949 _aSA-JeALM
_d240909
_umohamedma123
_n1
999 _c160
_d160